000 02748nam a2200337 a 4500
001 ebr10649609
003 CaPaEBR
006 m u
007 cr cn|||||||||
008 120912s2013 caud sb 001 0 eng d
010 _z 2012037023
020 _z9780804784177 (cloth)
020 _z9780804785303 (e-book)
040 _aCaPaEBR
_cCaPaEBR
035 _a(OCoLC)826855536
050 1 4 _aJZ5675
_b.N83865 2013eb
082 0 4 _a355/.033
_223
245 0 4 _aThe nuclear renaissance and international security
_h[electronic resource] /
_cedited by Adam N. Stulberg and Matthew Fuhrmann.
260 _aStanford, Calif. :
_bStanford Security Studies, an imprint of Stanford University Press,
_c2013.
300 _axi, 364 p. :
_bill.
504 _aIncludes bibliographical references and index.
505 0 _aIntroduction : understanding the nuclear renaissance / Adam N. Stulberg and Matthew Fuhrmann -- Correlates of nuclear energy : back to the future or back to basics? / Bernard Gourley and Adam N. Stulberg -- Where, how, and why will nuclear happen? : nuclear "renaissance" discourses from buyers and suppliers / Allison Macfarlane -- Nuclear suppliers and the renaissance in nuclear power / Matthew Fuhrmann -- Internationalization of the fuel cycle and the nuclear energy renaissance : confronting the credible commitment problem / Adam N. Stulberg -- Vaunted hopes : climate change and the unlikely nuclear renaissance / Joshua William Busby -- The politics of the nuclear renaissance : a comment / Christopher Way -- Stop helping me : when nuclear assistance impedes nuclear programs / Alexander H. Montgomery -- The nuclear renaissance and nuclear weapons proliferation / Matthew Kroenig -- Consequences of the nuclear renaissance for non-state nuclear trafficking / Justin V. Hastings -- The logic of nuclear patronage : a comment / Erik Gartzke -- Nuclear weapons programs and the security dilemma / Kyle Beardsley and Victor Asal -- Nuclear power and militarized conflict : is there a link? / Michael C. Horowitz -- He global nuclear renaissance and the spread of violent conflict : a comment / Dan Reiter -- Conclusion : what future for nuclear energy? / Matthew Fuhrmann and Adam N. Stulberg.
533 _aElectronic reproduction.
_bPalo Alto, Calif. :
_cebrary,
_d2013.
_nAvailable via World Wide Web.
_nAccess may be limited to ebrary affiliated libraries.
650 0 _aNuclear nonproliferation.
650 0 _aNuclear energy.
655 7 _aElectronic books.
_2local
700 1 _aStulberg, Adam N.,
_d1963-
700 1 _aFuhrmann, Matthew,
_d1980-
710 2 _aebrary, Inc.
856 4 0 _uhttp://site.ebrary.com/lib/rucke/Doc?id=10649609
_zAn electronic book accessible through the World Wide Web; click to view
999 _c74558
_d74558